La Liga 200 or More Goals Scorers - Sudden Death - Statistics

General Stats
  • This quiz has been taken 174 times
  • The average score is 3 of 7
Answers on the Grid
Answers color-coded by a green-red scale on the quiz's grid according to % correct below.
Alfredo di Stéfano
Álvaro Negredo
Andres Iniesta
Antoine Griezmann
Aritz Aduriz
Cristhian Stuani
Cristiano Ronaldo
David Villa
Davor Suker
Diego Forlán
Emilio Butragueño
Ferenc Puskás
Fernando Hierro
Fernando Morientes
Fernando Torres
Gerard Moreno
Gonzalo Higuaín
Hugo Sánchez
Iago Aspas
Karim Benzema
Lionel Messi
Luis Enrique
Luis Suárez
Paco Gento
Raúl
Rivaldo
Roberto Soldado
Ronaldo
Samuel Eto'o
Sergio Ramos
Telmo Zarra
Xavi
 
Answer Stats
Answer % Correct
Alfredo di Stéfano
62%
Cristiano Ronaldo
60%
Lionel Messi
54%
Raúl
32%
Karim Benzema
30%
Telmo Zarra
12%
Hugo Sánchez
8%
No matching quizzes found
Score Distribution
Percent of People with Each Score
Percentile by Number Answered
Your Score History
You have not taken this quiz